<?xml version="1.0" encoding="UTF-8"?>
<collection xmlns="http://www.loc.gov/MARC21/slim">
 <record>
  <leader>00483pamaa2200157   4500</leader>
  <controlfield tag="001">0000023673</controlfield>
  <controlfield tag="005">20080221090000.0</controlfield>
  <datafield tag="020" ind1="0" ind2="0">
   <subfield code="a">0959372350 </subfield>
  </datafield>
  <datafield tag="082" ind1=" " ind2=" ">
   <subfield code="a">540 ABC</subfield>
  </datafield>
  <datafield tag="090" ind1="0" ind2="0">
   <subfield code="a">QD33 </subfield>
   <subfield code="b">ABC 1994</subfield>
  </datafield>
  <datafield tag="245" ind1="0" ind2="0">
   <subfield code="a">ABC Chemistry : </subfield>
   <subfield code="b">answering basic concepts  </subfield>
   <subfield code="c">R. B. Holloway...[et al.].</subfield>
  </datafield>
  <datafield tag="260" ind1="0" ind2="0">
   <subfield code="a">South Australia: </subfield>
   <subfield code="b">The Enterprise Press, </subfield>
   <subfield code="c">1994.</subfield>
  </datafield>
  <datafield tag="300" ind1=" " ind2=" ">
   <subfield code="a">vi, 343p.: </subfield>
   <subfield code="b">ill.; </subfield>
   <subfield code="c">26cm.</subfield>
  </datafield>
  <datafield tag="500" ind1="0" ind2="0">
   <subfield code="a">A Student revision guide for year 12 chemistry</subfield>
  </datafield>
  <datafield tag="650" ind1="0" ind2="0">
   <subfield code="a">Chemistry </subfield>
  </datafield>
  <datafield tag="700" ind1="1" ind2="1">
   <subfield code="a">Holloway, </subfield>
   <subfield code="h">R. B </subfield>
  </datafield>
 </record>
</collection>
